00357nam a2200145Ia 4500008004100000020001500041041001200056082001600068100001700084245003500101260003400136300000800170650001500178700001800193221030s9999 xx 000 0 und d a8126903872 aEnglish a105.23bSha aR. N. Sharma 0aAdvanced Industrial Psychology bAtlantic PubaNew Delhic2004 a598 aManagement aS. S. Chandra